[Event "ROM-ch U14 Girls"]
[Site "Calimanesti"]
[Date "2014.04.13"]
[Round "9"]
[White "Racu, Ioana Alexandra"]
[Black "Ercsei, Estera Alexandra"]
[Result "0-1"]
[WhiteElo "1450"]
[BlackElo "1133"]
[PlyCount "50"]
[EventDate "2014.04.06"]
[EventType "swiss"]
[EventRounds "9"]
[EventCountry "ROU"]
[SourceTitle "CBM 160 Extra"]
[Source "ChessBase"]
[SourceDate "2014.07.01"]
[SourceVersion "1"]
[SourceVersionDate "2014.07.01"]
[SourceQuality "1"]

1. e4 d5 2. exd5 Nf6 3. Bb5+ Bd7 4. Bc4 Bg4 5. f3 Bf5 6. Nc3 e6 7. dxe6 Bxe6 8. Bxe6 fxe6 9. d4 Nc6 10. Nge2 Qd7 11. Be3 Bb4 12. Qd3 0-0-0 13. 0-0-0 Rhe8 14. Rhe1 e5 15. Bf2 Nxd4 16. Bxd4 exd4 17. Nxd4 Rxe1 18. Rxe1 Qxd4 19. Qxd4 Rxd4 20. Re3 Nd5 21. Re8+ Kd7 22. Rg8 Nxc3 23. Rxg7+ Kc6 24. bxc3 Ba3+ 25. Kb1 Rd1# 0-1